| 000 | 00449nam a22001577a 4500 | ||
|---|---|---|---|
| 003 | OSt | ||
| 005 | 20260424050231.0 | ||
| 008 | 260424b |||||||| |||| 00| 0 eng d | ||
| 040 |
_aDWCL - Main lib _cOC |
||
| 082 | _aCirc. 92 V235 | ||
| 100 | _aBonn, John Louis | ||
| 245 |
_aSo falls the elm tree / _cJohn Louis Bonn |
||
| 260 |
_aNew York : _bThe macmillan company, _cc1947. |
||
| 300 |
_axviii, 287 p.; _c21 cm. |
||
| 942 |
_2ddc _cBK-CIRC _mCirc. _n0 |
||
| 999 |
_c9842 _d9842 |
||